Cultureshock! : Tokyo : A survival guide to customs and etiquette

Na minha lista:
Detalhes bibliográficos
Autor principal: Morimoto-Yoshida, Yuko
Formato: Livro
Idioma:Undetermined
Publicado em: Singapore Marshall Cavendish 2005
Assuntos:
Tags: Adicionar Tag
Sem tags, seja o primeiro a adicionar uma tag!
Thư viện lưu trữ: Trung tâm Học liệu Trường Đại học Cần Thơ
LEADER 00684nam a2200229Ia 4500
001 CTU_128377
008 210402s9999 xx 000 0 und d
020 |c 175000 
082 |a 952.135 
082 |b M857 
100 |a Morimoto-Yoshida, Yuko 
245 0 |a Cultureshock! : 
245 0 |b Tokyo : A survival guide to customs and etiquette 
245 0 |c Yuko Morimoto-Yoshida 
260 |a Singapore 
260 |b Marshall Cavendish 
260 |c 2005 
650 |a Japan,Nhật Bản 
650 |x Social life and customs,Đời sống xã hội và phong tục 
650 |z Tokyo,Tokyo 
904 |i Minh 
980 |a Trung tâm Học liệu Trường Đại học Cần Thơ